[Event "FBL 1"]
[Site "?"]
[Date "2017.01.22"]
[Round "4.4"]
[White "Duessler, Stefanie"]
[Black "Specht, Maria"]
[Result "1-0"]
[WhiteElo "2081"]
[BlackElo "1875"]
[PlyCount "51"]
[EventDate "2016.10.22"]
[EventType "team-tourn"]
[EventCountry "GER"]
[WhiteTeam "Lehrte SK"]
[BlackTeam "Augsburg SG"]
[WhiteTeamCountry "GER"]
[BlackTeamCountry "GER"]

1. e4 c5 2. Nf3 d6 3. d4 cxd4 4. Nxd4 g6 5. c4 Nf6 6. Nc3 Bg7 7. Be2 O-O 8. Be3
a6 9. O-O Nc6 10. Qd2 Nxd4 11. Bxd4 Bd7 12. f3 Rb8 13. a4 Qa5 14. Rfd1 Rfc8 15.
Ba7 Ra8 16. Bd4 Be6 17. b3 Ne8 18. f4 Bxd4+ 19. Qxd4 f5 20. Bf3 Rab8 21. Re1
Rc7 22. exf5 Qxf5 23. Rxe6 Nf6 24. Rae1 Kf7 25. Nd5 Nxd5 26. Bxd5 1-0

[Event "FBL 1"]
[Site "?"]
[Date "2017.01.22"]
[Round "4.5"]
[White "Nentwig, Nicole"]
[Black "Zschischang, Marine"]
[Result "1-0"]
[WhiteElo "1851"]
[BlackElo "2045"]
[PlyCount "127"]
[EventDate "2016.10.22"]
[EventType "team-tourn"]
[EventCountry "GER"]
[WhiteTeam "Augsburg SG"]
[BlackTeam "Lehrte SK"]
[WhiteTeamCountry "GER"]
[BlackTeamCountry "GER"]

1. e4 e6 2. d4 d5 3. exd5 exd5 4. Nf3 Nf6 5. Bf4 Qe7+ 6. Qe2 c6 7. Qxe7+ Bxe7
8. Bd3 Ne4 9. Nbd2 f5 10. h4 Nd7 11. Ne5 Ndf6 12. f3 Nh5 13. fxe4 Nxf4 14. exd5
Nxd3+ 15. Nxd3 cxd5 16. Nf4 Bd6 17. Nxd5 Be6 18. Ne3 Bg3+ 19. Ke2 O-O-O 20. c3
Rhe8 21. Kf3 f4 22. Ne4 fxe3 23. Kxg3 h6 24. Nc5 Bf5 25. Rae1 Rd6 26. Rhf1 Bh7
27. Rf7 Rg6+ 28. Kf3 Bg8 29. Rf5 b6 30. Ne4 Bxa2 31. Rxe3 Kd8 32. Re5 Rf8+ 33.
Ke2 Rxg2+ 34. Kd3 Rf1 35. Nd2 Rd1 36. Re2 Bb1+ 37. Kc4 Ba2+ 38. Kd3 Rxe2 39.
Rxe2 Bb1+ 40. Kc4 Bf5 41. Rf2 g6 42. b4 Ke7 43. b5 Kd6 44. Kb4 Rh1 45. Rf4 Ke6
46. c4 g5 47. hxg5 hxg5 48. Rf1 Be4 49. c5 bxc5+ 50. dxc5 Rxf1 51. Nxf1 g4 52.
Ng3 Bd5 53. Ka5 Bc4 54. Ka6 Kd5 55. c6 Kc5 56. Ne4+ Kd4 57. c7 Be6 58. Ng5 Bc8+
59. Kxa7 Kc5 60. b6 Kc6 61. Ne4 Bb7 62. Nd6 Bc8 63. Nxc8 g3 64. Ne7+ 1-0

[Event "FBL 1"]
[Site "?"]
[Date "2017.01.22"]
[Round "4.6"]
[White "Manusina, Nicole"]
[Black "Muench, Ursula"]
[Result "1-0"]
[WhiteElo "1842"]
[BlackElo "1792"]
[PlyCount "49"]
[EventDate "2016.10.22"]
[EventType "team-tourn"]
[EventCountry "GER"]
[WhiteTeam "Lehrte SK"]
[BlackTeam "Augsburg SG"]
[WhiteTeamCountry "GER"]
[BlackTeamCountry "GER"]

1. d4 Nf6 2. c4 g6 3. Nc3 Bg7 4. e4 O-O 5. f3 d6 6. Be3 e5 7. Qd2 c6 8. Nge2
Nbd7 9. Rd1 Qc7 10. Nc1 Re8 11. Be2 Nb6 12. O-O Be6 13. d5 cxd5 14. Nb5 Qd8 15.
cxd5 Bc8 16. Qb4 Bf8 17. Nxa7 Nfd7 18. Nxc8 Rxc8 19. a4 Nc5 20. Bb5 Nbd7 21.
Nd3 f6 22. Nxc5 dxc5 23. Qb3 b6 24. d6+ Kg7 25. Qd5 1-0

[Event "FBL 1"]
[Site "?"]
[Date "2017.01.22"]
[Round "4.2"]
[White "Muzychuk, Anna"]
[Black "Schleining, Zoya"]
[Result "1-0"]
[WhiteElo "2558"]
[BlackElo "2349"]
[PlyCount "115"]
[EventDate "2016.10.22"]
[EventType "team-tourn"]
[EventCountry "GER"]
[WhiteTeam "Baden Baden OSG"]
[BlackTeam "Deizisau SF"]
[WhiteTeamCountry "GER"]
[BlackTeamCountry "GER"]

1. e4 c5 2. Nf3 Nc6 3. d4 cxd4 4. Nxd4 Qb6 5. Nb3 Nf6 6. Nc3 e6 7. Qe2 Bb4 8.
Bd2 O-O 9. a3 Bxc3 10. Bxc3 e5 11. O-O-O a5 12. g4 d6 13. g5 Ne8 14. h4 Be6 15.
h5 Nc7 16. f4 a4 17. Nd2 exf4 18. h6 g6 19. Qf3 Qe3 20. Rh4 d5 21. Bg7 Qxf3 22.
Nxf3 dxe4 23. Nd2 Bf5 24. Bxf8 Kxf8 25. Rxf4 Ne6 26. Rh4 Nxg5 27. Bg2 Re8 28.
Nc4 Re6 29. Nd6 b6 30. Rf4 Re5 31. Nc4 Rc5 32. Nxb6 Ne5 33. Nxa4 Rc4 34. Nc3
Ne6 35. Rff1 e3 36. Rde1 Ng4 37. Bh3 Nxh6 38. Rxe3 Kg7 39. Rg3 Bxh3 40. Rxh3
Ng4 41. b3 Rc6 42. Kb2 h5 43. a4 f5 44. Nd5 Ng5 45. Rhh1 Ne4 46. Ra1 Ngf2 47.
Rhf1 Rd6 48. c4 Nd3+ 49. Kc2 Ne5 50. a5 Nc5 51. Rfe1 Nf3 52. Re7+ Kf8 53. b4
Na6 54. Re3 Nd4+ 55. Kc3 f4 56. Rf1 Nf5 57. Rxf4 h4 58. Ne7 1-0

[Event "FBL 1"]
[Site "?"]
[Date "2017.01.22"]
[Round "4.3"]
[White "Levushkina, Elena"]
[Black "Muzychuk, Mariya"]
[Result "0-1"]
[WhiteElo "2321"]
[BlackElo "2546"]
[PlyCount "54"]
[EventDate "2016.10.22"]
[EventType "team-tourn"]
[EventCountry "GER"]
[WhiteTeam "Deizisau SF"]
[BlackTeam "Baden Baden OSG"]
[WhiteTeamCountry "GER"]
[BlackTeamCountry "GER"]

1. e4 c6 2. d4 d5 3. exd5 cxd5 4. c4 Nf6 5. Nc3 e6 6. Nf3 Bb4 7. cxd5 Nxd5 8.
Qc2 Nc6 9. Bd3 h6 10. O-O O-O 11. a3 Bd6 12. Bc4 Nxc3 13. bxc3 Bd7 14. Ba2 Rc8
15. Re1 Na5 16. Ne5 Bxe5 17. dxe5 Qh4 18. Bb1 g6 19. Qd2 Nb3 20. Qxd7 Nxa1 21.
Qb5 Qc4 22. Qb2 Qxc3 23. Qxc3 Rxc3 24. Bb2 Rfc8 25. Kf1 Nb3 26. Bxc3 Rxc3 27.
Rd1 Nc5 0-1

[Event "FBL 1"]
[Site "?"]
[Date "2017.01.22"]
[Round "4.4"]
[White "Zatonskih, Anna"]
[Black "Klek, Hanna Marie"]
[Result "1/2-1/2"]
[WhiteElo "2443"]
[BlackElo "2335"]
[PlyCount "37"]
[EventDate "2016.10.22"]
[EventType "team-tourn"]
[EventCountry "GER"]
[WhiteTeam "Baden Baden OSG"]
[BlackTeam "Deizisau SF"]
[WhiteTeamCountry "GER"]
[BlackTeamCountry "GER"]

1. d4 Nf6 2. Nf3 d5 3. c4 e6 4. Nc3 Be7 5. Bg5 h6 6. Bxf6 Bxf6 7. e3 O-O 8. Qd2
c6 9. h4 g6 10. g4 Bg7 11. g5 h5 12. Ne5 c5 13. cxd5 exd5 14. f4 Nc6 15. Bg2
cxd4 16. exd4 Ne7 17. O-O Be6 18. Rfe1 Re8 19. Qf2 1/2-1/2

[Event "FBL 1"]
[Site "?"]
[Date "2017.01.22"]
[Round "4.5"]
[White "Jelica, Mara"]
[Black "Kachiani Gersinska, Ketino"]
[Result "0-1"]
[WhiteElo "2099"]
[BlackElo "2366"]
[PlyCount "132"]
[EventDate "2016.10.22"]
[EventType "team-tourn"]
[EventCountry "GER"]
[WhiteTeam "Deizisau SF"]
[BlackTeam "Baden Baden OSG"]
[WhiteTeamCountry "GER"]
[BlackTeamCountry "GER"]

1. e4 c5 2. Nf3 Nc6 3. Bb5 g6 4. Bxc6 dxc6 5. d3 Bg7 6. O-O Nf6 7. Nbd2 Nd7 8.
Nc4 b5 9. Ne3 Nb6 10. Qe2 O-O 11. Rb1 Na4 12. c4 Rb8 13. Qc2 f5 14. Bd2 f4 15.
Nd1 Bg4 16. Nc3 Bxf3 17. gxf3 Nxc3 18. Bxc3 b4 19. Bxg7 Kxg7 20. Rfd1 e5 21.
Kf1 Rf6 22. b3 Rd6 23. Ke2 Rb7 24. Rd2 a5 25. a4 g5 26. Rg1 Rg6 27. Qd1 Kf6 28.
Qf1 Qc8 29. Qg2 h5 30. h3 Rbg7 31. Rh1 Qd7 32. Qf1 Ke7 33. Qa1 Qe6 34. Kd1 Kd6
35. Kc2 Kc7 36. Rdd1 Kd6 37. Rd2 g4 38. hxg4 hxg4 39. fxg4 Rxg4 40. Qd1 Kc7 41.
Qa1 R4g5 42. Rdd1 Qg4 43. Rd2 Rh5 44. Rxh5 Qxh5 45. Qd1 Qh3 46. Qa1 Rg5 47. Qe1
Rg2 48. Qa1 Kd6 49. Qe1 Ke6 50. Qe2 Ke7 51. Qe1 Kf6 52. Qe2 Rh2 53. Kb2 Qg2 54.
Kc2 Kg5 55. Kc1 Kh4 56. Kc2 Qg1 57. Qf3 Rh1 58. Rd1 Qxd1+ 59. Qxd1 Rxd1 60.
Kxd1 Kh3 61. Ke1 Kg2 62. Ke2 Kg1 63. Kf3 Kf1 64. Kg4 Kxf2 65. Kf5 Ke3 66. Kxe5
f3 0-1

[Event "FBL 1"]
[Site "?"]
[Date "2017.01.22"]
[Round "4.6"]
[White "Kovalevskaya, Ekaterina"]
[Black "Lauterbach, Ingrid"]
[Result "1/2-1/2"]
[WhiteElo "2423"]
[BlackElo "2110"]
[PlyCount "175"]
[EventDate "2016.10.22"]
[EventType "team-tourn"]
[EventCountry "GER"]
[WhiteTeam "Baden Baden OSG"]
[BlackTeam "Deizisau SF"]
[WhiteTeamCountry "GER"]
[BlackTeamCountry "GER"]

1. e4 c5 2. Nf3 e6 3. d4 cxd4 4. Nxd4 a6 5. c4 Qc7 6. Nc3 Nf6 7. Be2 Bb4 8. Qd3
Nc6 9. Nxc6 dxc6 10. a3 Bd6 11. Bg5 Nd7 12. Rd1 Bf4 13. Bxf4 Qxf4 14. O-O O-O
15. Qd6 Qxd6 16. Rxd6 e5 17. Na4 Nf6 18. f3 Be6 19. Rfd1 Ne8 20. R6d2 Nc7 21.
Nb6 Rab8 22. b4 Rfe8 23. Kf2 f6 24. c5 Nb5 25. Bxb5 axb5 26. Rd6 Kf7 27. g3 g5
28. Ke3 h6 29. Rh1 h5 30. Ra1 h4 31. a4 bxa4 32. Rxa4 hxg3 33. hxg3 Re7 34. Ra7
Rh8 35. b5 cxb5 36. Nd5 Bxd5 37. exd5 Rc8 38. Rb6 Rxc5 39. Rbxb7 Rxb7 40. Rxb7+
Kg6 41. d6 Rd5 42. d7 f5 43. g4 fxg4 44. Ke4 Rd1 45. fxg4 Kf6 46. Rb6+ Ke7 47.
Rxb5 Rxd7 48. Kxe5 Kf7 49. Kf5 Kg7 50. Kxg5 Ra7 51. Kh5 Rc7 52. Rg5+ Kh7 53.
Ra5 Kg7 54. Ra6 Rc5+ 55. g5 Rc7 56. Ra5 Rb7 57. Kg4 Rb1 58. Ra4 Rg1+ 59. Kf5
Rf1+ 60. Rf4 Re1 61. Rf3 Ra1 62. Kg4 Rg1+ 63. Rg3 Ra1 64. Rh3 Rg1+ 65. Kh5 Ra1
66. Rh2 Rg1 67. Rf2 Rh1+ 68. Kg4 Rg1+ 69. Kf5 Ra1 70. Rf4 Ra5+ 71. Kg4 Ra1 72.
Rf3 Rg1+ 73. Kf5 Ra1 74. Rf2 Ra5+ 75. Kg4 Ra1 76. Rf3 Rg1+ 77. Rg3 Ra1 78. Re3
Rg1+ 79. Kf4 Rf1+ 80. Rf3 Ra1 81. Kf5 Ra5+ 82. Kg4 Ra1 83. Rf4 Rg1+ 84. Kf5 Ra1
85. Re4 Rf1+ 86. Rf4 Ra1 87. Re4 Rf1+ 88. Rf4 1/2-1/2

[Event "FBL 1"]
[Site "?"]
[Date "2017.01.22"]
[Round "4.1"]
[White "Boric, Elena"]
[Black "Richterova, Natasa"]
[Result "1/2-1/2"]
[WhiteElo "2224"]
[BlackElo "2210"]
[PlyCount "53"]
[EventDate "2016.10.22"]
[EventType "team-tourn"]
[EventCountry "GER"]
[WhiteTeam "Muenchen FC Bayern"]
[BlackTeam "Erfurt SV Medizin"]
[WhiteTeamCountry "GER"]
[BlackTeamCountry "GER"]

1. e4 e5 2. Nf3 Nc6 3. Bb5 Nf6 4. Qe2 d6 5. d4 Nd7 6. c3 a6 7. Bxc6 bxc6 8.
dxe5 Nxe5 9. Nxe5 dxe5 10. O-O Bd6 11. Qc4 Bd7 12. Nd2 O-O 13. Nb3 Qe7 14. Be3
c5 15. Rfd1 Be6 16. Qe2 Rfb8 17. Qc2 c4 18. Nd2 Qe8 19. b3 cxb3 20. axb3 Qc6
21. Ra2 Qb7 22. c4 Bb4 23. h3 f6 24. Nf1 Bf8 25. Nd2 Bb4 26. Nf1 Bf8 27. Nd2
1/2-1/2

[Event "FBL 1"]
[Site "?"]
[Date "2017.01.22"]
[Round "4.2"]
[White "Juhasz, Barbara"]
[Black "Stangl, Anita"]
[Result "1-0"]
[WhiteElo "2179"]
[BlackElo "2074"]
[PlyCount "109"]
[EventDate "2016.10.22"]
[EventType "team-tourn"]
[EventCountry "GER"]
[WhiteTeam "Erfurt SV Medizin"]
[BlackTeam "Muenchen FC Bayern"]
[WhiteTeamCountry "GER"]
[BlackTeamCountry "GER"]

1. e4 e6 2. d4 d5 3. Nc3 Nf6 4. Bg5 Be7 5. e5 Nfd7 6. h4 Bxg5 7. hxg5 Qxg5 8.
Qd3 g6 9. Nf3 Qe7 10. Qe3 a6 11. O-O-O b5 12. Bd3 Bb7 13. Rh6 Nf8 14. Rdh1 Nc6
15. Qf4 Rg8 16. Ne2 Nb4 17. Kb1 Nxd3 18. cxd3 a5 19. Ng5 b4 20. Nxh7 Nxh7 21.
Rxh7 Ba6 22. Nc1 Rf8 23. Qe3 a4 24. Ne2 c6 25. Rc1 Bb5 26. Ka1 Qa7 27. Nf4 Qa6
28. Qh3 c5 29. dxc5 g5 30. Nh5 Bxd3 31. Nf6+ Ke7 32. Rg7 Rh8 33. Qe3 a3 34. b3
Bg6 35. c6 Kf8 36. Rxg6 fxg6 37. Qc5+ Kf7 38. Nxd5 Qa7 39. Nb6 Rac8 40. Qd6 Rc7
41. Na4 Rhc8 42. Qd3 Kg7 43. Nc5 Re8 44. Ne4 Qa5 45. Rc5 Qb6 46. Qd6 g4 47. Kb1
Ree7 48. Nf6 g3 49. fxg3 Qa6 50. Rc4 Qa7 51. Qd8 Qg1+ 52. Rc1 Qf2 53. Qg8+ Kh6
54. Qh8+ Rh7 55. Qf8+ 1-0

[Event "FBL 1"]
[Site "?"]
[Date "2017.01.22"]
[Round "4.3"]
[White "Dirmeier, Carolin"]
[Black "Troyke, Doreen"]
[Result "0-1"]
[WhiteElo "2029"]
[BlackElo "2105"]
[PlyCount "118"]
[EventDate "2016.10.22"]
[EventType "team-tourn"]
[EventCountry "GER"]
[WhiteTeam "Muenchen FC Bayern"]
[BlackTeam "Erfurt SV Medizin"]
[WhiteTeamCountry "GER"]
[BlackTeamCountry "GER"]

1. e4 c5 2. Nf3 Nc6 3. d4 cxd4 4. Nxd4 e5 5. Nb5 d6 6. N1c3 a6 7. Na3 b5 8. Nd5
Nce7 9. c4 Nxd5 10. exd5 bxc4 11. Nxc4 Nf6 12. Be3 Rb8 13. Be2 Be7 14. O-O O-O
15. f3 Nd7 16. Qd2 f5 17. f4 g5 18. fxe5 Nxe5 19. Nxe5 dxe5 20. d6 Qxd6 21.
Bxg5 Qxd2 22. Bxd2 Bc5+ 23. Kh1 Bd4 24. Bc4+ Kg7 25. Bc3 Bxc3 26. bxc3 Rb6 27.
Bb3 Rc6 28. Rad1 Rxc3 29. Rd5 e4 30. Kg1 Be6 31. Ra5 Bxb3 32. axb3 f4 33. Rxa6
Rxb3 34. Re1 e3 35. Re6 Rb2 36. Kf1 Rf6 37. Re4 Rf2+ 38. Kg1 Rg6 39. g3 Kf6 40.
Rf1 fxg3 41. h4 Kf5 42. Rxe3 Rxf1+ 43. Kxf1 Kg4 44. Kg2 Kxh4 45. Rb3 h5 46. Ra3
Rg4 47. Ra1 Rf4 48. Ra3 Rb4 49. Ra1 Kg4 50. Rc1 h4 51. Ra1 h3+ 52. Kh1 Re4 53.
Rb1 Re2 54. Ra1 Kf3 55. Rf1+ Rf2 56. Ra1 g2+ 57. Kh2 Rf1 58. Rxf1+ gxf1=R 59.
Kxh3 Rh1# 0-1

[Event "FBL 1"]
[Site "?"]
[Date "2017.01.22"]
[Round "4.4"]
[White "Mueller Ludwig, Kristin"]
[Black "Ankerst, Milka"]
[Result "1-0"]
[WhiteElo "2083"]
[BlackElo "2074"]
[PlyCount "89"]
[EventDate "2016.10.22"]
[EventType "team-tourn"]
[EventCountry "GER"]
[WhiteTeam "Erfurt SV Medizin"]
[BlackTeam "Muenchen FC Bayern"]
[WhiteTeamCountry "GER"]
[BlackTeamCountry "GER"]

1. e4 d5 2. exd5 Qxd5 3. Nc3 Qd6 4. Nf3 Nf6 5. d4 c6 6. h3 Nbd7 7. Bd3 g6 8.
O-O Bg7 9. Re1 O-O 10. Bg5 b6 11. Qd2 e6 12. Bf4 Qe7 13. Ne5 Bb7 14. Nc4 Qd8
15. Nd6 Rb8 16. Nxb7 Rxb7 17. Ba6 Rc7 18. Bxc7 Qxc7 19. Be2 Rd8 20. Qe3 b5 21.
Rad1 Nb6 22. Bf3 Nc4 23. Qc1 Nd6 24. Ne4 Nf5 25. Nxf6+ Bxf6 26. c3 Bg7 27. Be4
Ne7 28. Qg5 h6 29. Qe3 h5 30. Qg5 Kh7 31. Qxh5+ Kg8 32. Qg5 Nd5 33. Bxd5 Rxd5
34. Qg3 Qd8 35. Qf3 Qd7 36. Qe2 Qb7 37. Qc2 Rf5 38. a4 a6 39. axb5 axb5 40. Ra1
c5 41. dxc5 Rxc5 42. Qe4 Rc6 43. Red1 Bf8 44. Rd8 Kg7 45. Qd4+ 1-0

[Event "FBL 1"]
[Site "?"]
[Date "2017.01.22"]
[Round "4.5"]
[White "Spiel, Marianne"]
[Black "Umpfenbach, Carolin"]
[Result "0-1"]
[WhiteElo "1931"]
[BlackElo "2122"]
[PlyCount "102"]
[EventDate "2016.10.22"]
[EventType "team-tourn"]
[EventCountry "GER"]
[WhiteTeam "Muenchen FC Bayern"]
[BlackTeam "Erfurt SV Medizin"]
[WhiteTeamCountry "GER"]
[BlackTeamCountry "GER"]

1. e4 e6 2. d4 d5 3. Nd2 Nf6 4. e5 Nfd7 5. Bd3 c5 6. c3 Nc6 7. Ne2 cxd4 8. cxd4
Qb6 9. Nf3 Bb4+ 10. Bd2 Bxd2+ 11. Qxd2 Qb4 12. O-O Qxd2 13. Nxd2 Nb4 14. Bb5 a6
15. Ba4 b5 16. Bd1 Nb6 17. a3 Nc6 18. Rc1 Na5 19. b3 Bd7 20. Nf4 Nc6 21. Nf3 h6
22. Nd3 a5 23. Nc5 a4 24. bxa4 Nxa4 25. Bxa4 bxa4 26. Rb1 Na5 27. Nd2 Bc6 28.
Rb6 O-O 29. Rfb1 Rfc8 30. R1b4 Be8 31. Kf1 Nc6 32. Rxa4 Rxa4 33. Nxa4 Nxd4 34.
f4 Bxa4 35. Rb4 Bb5+ 36. Kf2 Bc4 37. a4 Nc6 38. Rb6 Na5 39. Ke3 Ba2 40. g3 Nc4+
41. Nxc4 dxc4 42. Kd2 Ra8 43. Rb4 Kh7 44. Kc3 Kg6 45. g4 h5 46. h3 hxg4 47.
hxg4 Bb3 48. Kd4 Rxa4 49. Rxa4 Bxa4 50. Kxc4 Bd1 51. g5 Kf5 0-1

[Event "FBL 1"]
[Site "?"]
[Date "2017.01.22"]
[Round "4.6"]
[White "von der  Weth von Nordheim, Petra"]
[Black "Heyne, Regina"]
[Result "1-0"]
[WhiteElo "1985"]
[BlackElo "1810"]
[PlyCount "53"]
[EventDate "2016.10.22"]
[EventType "team-tourn"]
[EventCountry "GER"]
[WhiteTeam "Erfurt SV Medizin"]
[BlackTeam "Muenchen FC Bayern"]
[WhiteTeamCountry "GER"]
[BlackTeamCountry "GER"]

1. d4 d5 2. e3 Nf6 3. Bd3 e6 4. Nd2 c5 5. c3 Be7 6. f4 O-O 7. Ngf3 b6 8. Ne5
Bb7 9. Qf3 c4 10. Bc2 b5 11. O-O Nc6 12. g4 g6 13. f5 Nd7 14. Nxd7 Qxd7 15. f6
Bd6 16. Qh3 Rfe8 17. Nf3 Bf8 18. e4 e5 19. exd5 Nxd4 20. cxd4 Qxd5 21. Ng5 h6
22. Be4 Qxd4+ 23. Be3 Qd7 24. Rad1 Qc7 25. Bxg6 fxg6 26. f7+ Kg7 27. fxe8=N+
1-0

[Event "FBL 1"]
[Site "?"]
[Date "2017.01.22"]
[Round "4.1"]
[White "Bodnaruk, Anastasia"]
[Black "Khademalsharieh, Sarasadat"]
[Result "1/2-1/2"]
[WhiteElo "2463"]
[BlackElo "2452"]
[PlyCount "71"]
[EventDate "2016.10.22"]
[EventType "team-tourn"]
[EventCountry "GER"]
[WhiteTeam "Rodewischer Schachmiezen"]
[BlackTeam "Hamburger SK"]
[WhiteTeamCountry "GER"]
[BlackTeamCountry "GER"]

1. e4 e5 2. Nf3 Nc6 3. Bb5 a6 4. Bc4 Nf6 5. O-O Bc5 6. c3 b5 7. Bb3 d6 8. a4
Bb7 9. d4 Bb6 10. Bg5 h6 11. Bxf6 Qxf6 12. Bd5 O-O 13. Na3 exd4 14. cxd4 b4 15.
Nc4 Ba7 16. Qd2 Rab8 17. Rfd1 Ne7 18. Bxb7 Rxb7 19. Rac1 Rbb8 20. Ne3 Rfc8 21.
Qd3 a5 22. b3 Bb6 23. Nc4 d5 24. Nxb6 cxb6 25. e5 Qe6 26. Qd2 Qd7 27. Rxc8+
Rxc8 28. Rc1 b5 29. axb5 Qxb5 30. Rxc8+ Nxc8 31. Qc2 Ne7 32. h3 Nc6 33. Qf5 Ne7
34. Qc2 Nc6 35. Qf5 Ne7 36. Qc2 1/2-1/2

[Event "FBL 1"]
[Site "?"]
[Date "2017.01.22"]
[Round "4.2"]
[White "Socko, Monika"]
[Black "Majdan Gajewska, Joanna"]
[Result "1-0"]
[WhiteElo "2452"]
[BlackElo "2366"]
[PlyCount "83"]
[EventDate "2016.10.22"]
[EventType "team-tourn"]
[EventCountry "GER"]
[WhiteTeam "Hamburger SK"]
[BlackTeam "Rodewischer Schachmiezen"]
[WhiteTeamCountry "GER"]
[BlackTeamCountry "GER"]

1. d4 d5 2. c4 e6 3. Nc3 c6 4. Nf3 dxc4 5. a4 Bb4 6. e3 b5 7. Bd2 Nf6 8. axb5
Bxc3 9. Bxc3 cxb5 10. b3 a5 11. bxc4 Ne4 12. Bb2 b4 13. Bd3 Bb7 14. O-O O-O 15.
Qc2 f5 16. Rfd1 Nd7 17. c5 Bd5 18. Ne1 Qg5 19. Qe2 Qg6 20. f3 Nef6 21. Bc2 Rfb8
22. Nd3 Bc4 23. Qd2 Qg5 24. Ba4 Rd8 25. Qc1 Bd5 26. Kh1 Nh5 27. Re1 Ndf6 28.
Ne5 Qh4 29. Kg1 Rdc8 30. Qd2 Ra7 31. Qf2 Qxf2+ 32. Kxf2 g5 33. h3 g4 34. hxg4
fxg4 35. e4 Ba8 36. c6 Nf4 37. Rg1 Rac7 38. Ke3 N4h5 39. Rgd1 Ng7 40. fxg4 Nge8
41. g5 Nh5 42. Bb3 1-0

[Event "FBL 1"]
[Site "?"]
[Date "2017.01.22"]
[Round "4.3"]
[White "Movsesjan, Julia"]
[Black "Pourkashiyan, Atousa"]
[Result "1/2-1/2"]
[WhiteElo "2322"]
[BlackElo "2303"]
[PlyCount "45"]
[EventDate "2016.10.22"]
[EventType "team-tourn"]
[EventCountry "GER"]
[WhiteTeam "Rodewischer Schachmiezen"]
[BlackTeam "Hamburger SK"]
[WhiteTeamCountry "GER"]
[BlackTeamCountry "GER"]

1. Nf3 Nf6 2. g3 d5 3. Bg2 c6 4. O-O Bg4 5. h3 Bxf3 6. Bxf3 e5 7. d3 Nbd7 8.
Nd2 Bd6 9. e4 O-O 10. exd5 cxd5 11. Bg2 Re8 12. c4 Nc5 13. d4 exd4 14. cxd5 Bf8
15. Nc4 Nxd5 16. Qxd4 Nb4 17. Be3 Nc2 18. Qxd8 Raxd8 19. Rac1 Nxe3 20. Nxe3 Nd3
21. Rc2 b6 22. Rd1 Nc5 23. Rxd8 1/2-1/2

[Event "FBL 1"]
[Site "?"]
[Date "2017.01.22"]
[Round "4.4"]
[White "Fuchs, Judith"]
[Black "Lubbe, Melanie"]
[Result "0-1"]
[WhiteElo "2276"]
[BlackElo "2353"]
[PlyCount "82"]
[EventDate "2016.10.22"]
[EventType "team-tourn"]
[EventCountry "GER"]
[WhiteTeam "Hamburger SK"]
[BlackTeam "Rodewischer Schachmiezen"]
[WhiteTeamCountry "GER"]
[BlackTeamCountry "GER"]

1. e4 c5 2. Nc3 g6 3. f4 Bg7 4. Nf3 Nc6 5. Bc4 e6 6. O-O Nge7 7. d3 Nd4 8. Nxd4
cxd4 9. Ne2 d5 10. Bb3 dxe4 11. dxe4 Qb6 12. Kh1 Bd7 13. a4 Nc6 14. f5 exf5 15.
exf5 Bxf5 16. Ng3 Be6 17. Bxe6 fxe6 18. Bg5 h6 19. Nh5 gxh5 20. Qxh5+ Kd7 21.
Rf7+ Kd6 22. Bh4 Be5 23. Re1 Raf8 24. Be7+ Nxe7 25. Qxe5+ Kd7 26. Rg7 Rhg8 27.
Rh7 Rg5 28. Qe4 Rgf5 29. Qd3 e5 30. h3 Qa6 31. Qa3 R8f7 32. Rxf7 Rxf7 33. Kh2
Qf6 34. Qc5 Nc6 35. b4 Qd6 36. Qc4 Rg7 37. b5 Ne7 38. Qe2 Rg5 39. Kg1 Nd5 40.
Qe4 Nf4 41. Qxb7+ Qc7 0-1

[Event "FBL 1"]
[Site "?"]
[Date "2017.01.22"]
[Round "4.5"]
[White "Korenova, Martina"]
[Black "Baciu, Diana"]
[Result "0-1"]
[WhiteElo "2156"]
[BlackElo "2289"]
[PlyCount "64"]
[EventDate "2016.10.22"]
[EventType "team-tourn"]
[EventCountry "GER"]
[WhiteTeam "Rodewischer Schachmiezen"]
[BlackTeam "Hamburger SK"]
[WhiteTeamCountry "GER"]
[BlackTeamCountry "GER"]

1. e4 e6 2. d4 d5 3. Nd2 h6 4. Ngf3 Nf6 5. exd5 exd5 6. Bd3 Bd6 7. O-O O-O 8.
c4 b6 9. b3 Be6 10. Re1 Nbd7 11. Ne5 c5 12. Ndf3 Qc7 13. Bb2 cxd4 14. Bxd4 Nc5
15. Rc1 Qb7 16. Bb1 Nce4 17. Nh4 Ba3 18. Rc2 Bb4 19. Re3 dxc4 20. Nxc4 Rfd8 21.
Rd3 Be7 22. Ne3 Nd5 23. Nhf5 Nf4 24. Qg4 Bg5 25. Rd1 Nd6 26. Rcd2 g6 27. Nxd6
Rxd6 28. Qg3 Rxd4 29. h4 Bxh4 30. Qh2 Rxd2 31. Rxd2 Bg5 32. g3 Nh3+ 0-1

[Event "FBL 1"]
[Site "?"]
[Date "2017.01.22"]
[Round "4.6"]
[White "Rogozenco, Teodora"]
[Black "Miturova, Magdalena"]
[Result "0-1"]
[WhiteElo "2017"]
[BlackElo "2197"]
[PlyCount "54"]
[EventDate "2016.10.22"]
[EventType "team-tourn"]
[EventCountry "GER"]
[WhiteTeam "Hamburger SK"]
[BlackTeam "Rodewischer Schachmiezen"]
[WhiteTeamCountry "GER"]
[BlackTeamCountry "GER"]

1. d4 Nf6 2. c4 e6 3. Nc3 Bb4 4. Qc2 Nc6 5. Nf3 d6 6. Bd2 O-O 7. O-O-O Bxc3 8.
Bxc3 d5 9. e3 a5 10. a3 Ne7 11. Ne5 c6 12. c5 b5 13. b4 axb4 14. axb4 Ne4 15.
Kb2 f6 16. Nf3 Nxc3 17. Qxc3 e5 18. dxe5 fxe5 19. Qxe5 Ra4 20. Qc3 Be6 21. Ra1
d4 22. Qxd4 Rxa1 23. Kxa1 Qa8+ 24. Kb1 Rd8 25. Qb2 Rd1+ 26. Kc2 Qa4+ 27. Kc3
Nd5# 0-1

[Event "FBL 1"]
[Site "?"]
[Date "2017.01.22"]
[Round "4.1"]
[White "Javakhishvili, Lela"]
[Black "Heinatz, Gundula"]
[Result "1-0"]
[WhiteElo "2455"]
[BlackElo "2185"]
[PlyCount "83"]
[EventDate "2016.10.22"]
[EventType "team-tourn"]
[EventCountry "GER"]
[WhiteTeam "Schwaebisch Hall SK"]
[BlackTeam "Karlsruher SF"]
[WhiteTeamCountry "GER"]
[BlackTeamCountry "GER"]

1. d4 e6 2. c4 Bb4+ 3. Bd2 c5 4. Nf3 Nf6 5. Bxb4 cxb4 6. e3 O-O 7. Bd3 d6 8.
O-O Nbd7 9. a3 e5 10. Nbd2 Re8 11. Qc2 b3 12. Qb1 Nf8 13. h3 Qe7 14. Be2 e4 15.
Nh2 Ng6 16. Nxb3 h6 17. Kh1 Nh4 18. Qc2 Nh7 19. Rae1 Qg5 20. Rg1 Qf6 21. Ng4
Qf5 22. d5 h5 23. Nd4 Qg5 24. Nh2 Bd7 25. g4 Qf6 26. gxh5 Bxh3 27. Bg4 Ng5 28.
Rg3 Bg2+ 29. Rxg2 Nxg2 30. Kxg2 a6 31. Rg1 Kf8 32. Kh1 Rab8 33. a4 Re5 34. Rg3
Qd8 35. Bf5 g6 36. hxg6 fxg6 37. Be6 Ke7 38. f4 exf3 39. Qxg6 Qa5 40. Qg7+ Ke8
41. Qd7+ Kf8 42. Rxf3+ 1-0

[Event "FBL 1"]
[Site "?"]
[Date "2017.01.22"]
[Round "4.2"]
[White "Schmidt, Jessica"]
[Black "Batsiashvili, Nino"]
[Result "1/2-1/2"]
[WhiteElo "2262"]
[BlackElo "2492"]
[PlyCount "74"]
[EventDate "2016.10.22"]
[EventType "team-tourn"]
[EventCountry "GER"]
[WhiteTeam "Karlsruher SF"]
[BlackTeam "Schwaebisch Hall SK"]
[WhiteTeamCountry "GER"]
[BlackTeamCountry "GER"]

1. d4 Nf6 2. Nf3 d5 3. c4 e6 4. e3 b6 5. Be2 Bd6 6. O-O O-O 7. Nc3 Bb7 8. b3
Nbd7 9. Bb2 a6 10. a3 Qe7 11. cxd5 exd5 12. b4 Ne4 13. Nxe4 dxe4 14. Nd2 b5 15.
a4 bxa4 16. Qxa4 Nb6 17. Qb3 Bxb4 18. Ba3 a5 19. Rfb1 Bd5 20. Qb2 Na4 21. Bxb4
axb4 22. Qxb4 Qxb4 23. Rxb4 Nc3 24. Rxa8 Rxa8 25. Bf1 h5 26. Nb1 Na2 27. Rb2 c6
28. h4 g6 29. Kh2 Nc1 30. Nc3 Nd3 31. Bxd3 exd3 32. Nxd5 cxd5 33. Rd2 Ra3 34.
Kg3 Rc3 35. Kf4 Rc2 36. Rxd3 Rxf2+ 37. Kg3 Rf5 1/2-1/2